000
00253nam a22001217a 4500
040
_c
SK
082
_a
639
100
_a
GARY A.
245
_a
Physiology of fish in intensive cultural systems
260
_a
ITP
_b
GAR
_c
1996
300
_a
231p.
942
_c
EK
999
_c
9672
_d
9672